| 000 | 01013nam a22002657a 4500 | ||
|---|---|---|---|
| 005 | 20170124103111.0 | ||
| 010 | _aRC-113327 | ||
| 020 | _c40.00 | ||
| 035 | _aRC-113327 | ||
| 037 | _bCen Lib/Ret | ||
| 040 |
_aDPL _bHN |
||
| 082 |
_aउ _bशर्माय |
||
| 100 |
_aशर्मा, यज्ञदत्त _979944 |
||
| 245 |
_aस्मृति चिन्ह / _cयज्ञदत्त शर्मा |
||
| 246 |
_aSmriti chinh / _bby Yagyedutt Sharma |
||
| 250 | _aतीसरा संस्करण | ||
| 260 |
_aदिल्ली _bसाहित्य प्रकाशन _c1985 |
||
| 270 |
_bदिल्ली _aमालीवाड़ा _e110006 |
||
| 300 |
_a173पृ. _c17सेमी(सजिल्द) |
||
| 650 |
_aहिन्दी साहित्य _979945 |
||
| 650 |
_aहिन्दी -- उपन्यास _979946 |
||
| 650 |
_aHindi literature _979947 |
||
| 650 |
_aHindi - Novel _979948 |
||
| 942 |
_2ddc _cHN _hउ _mशर्माय |
||
| 999 |
_c118399 _d118399 |
||